000 00719nam a2200253Ia 4500
003 OSt
005 20220918182353.0
006 a|||||r|||| 00| 0
007 ta
008 220917b |||||||| |||| 00| 0 eng d
024 _a32,134
037 _cTextual
040 _aARTS
_cARTS
_beng
041 _2eng
_aeng
082 _aO111,1L92:g, L5
100 _aBarcus James E Ed.
245 0 _aShelley
_b the critical heritage
260 _aLondon
_bRoutledge and Kegan Paul UK
_c1975
300 _axvi,432p.
_ccm.
490 _aCritical heritage series , ed by B S Southam
650 _aENGLISH LITERATURE
942 _hO111,1L92:g, L5
_cTEXL
_2CC
999 _c168719
_d168719